000 00499nam a22001937a 4500
003 IIN
005 20250429112015.0
008 250429s |||ad||| |||| 001 0 eng d
020 _a9789394624115
_cRs.475.00
040 _aIIN
082 _a579.0282
_bBIS
100 _aBiswas, Gopa
245 _aTextbook of Microbiology for Nursing
_cGopa Biswas
260 _aKolkata
_bAnanda
_c2024
300 _a155 p.
_bcol. ill.
500 _aIncludes Index
650 _aMicrobiology
_vNursing
942 _cBOOK
999 _c1765
_d1765